| 000 | 01975nam a22007217a 4500 | ||
|---|---|---|---|
| 001 | BR0601238 | ||
| 003 | BR-BrBNA | ||
| 005 | 20230928102111.0 | ||
| 007 | ta | ||
| 008 | 230509b bl.||||| |||| 00| 0 por d | ||
| 040 |
_aBR-BrBNA _bpor _cBiblioteca Nacional de Agricultura |
||
| 041 | _a(Por) | ||
| 072 |
_aH01 _b1000 |
||
| 090 | _ 1000 BR0601238 | ||
| 100 | 1 | _aNegri, J.D. de | |
| 100 | 1 | _aPiza Júnior, C. de T. | |
| 110 | 1 |
_aShell Brasil S.A., São Paulo, SP (Brasil) _99477 |
|
| 245 | 1 | _aManual Shell sobre citricultura; torque óxido de fenbutatina; cicol dicofol; triona óleo mineral | |
| 260 | 3 |
_aSão Paulo, SP (Brasil): _c1988. |
|
| 300 | _a102 p. | ||
| 500 | _a29 ref. | ||
| 650 | _aCITRICULTURA | ||
| 650 | _aCLIMA | ||
| 650 | _aSOLO | ||
| 650 | _aVARIEDADE | ||
| 650 | _aPRÁTICA CULTURAL | ||
| 650 | _aCALAGEM | ||
| 650 | _aADUBAÇÃO | ||
| 650 | _aPRAGA DE PLANTA | ||
| 650 | _aÁCARO DA FALSA FERRUGEM | ||
| 650 | _aPHYLLOCOPTRUTA OLEIVORA | ||
| 650 | _aBREVIPALPUS PHOENICIS | ||
| 650 | _aÁCARO PURPÚREO | ||
| 650 | _aÁCARO BRANCO | ||
| 650 | _aCOCHONILHA | ||
| 650 | _aPARASITO DE PLANTA | ||
| 650 | _aORTHEZIA PRAELONGA | ||
| 650 | _aSELENASPIDUS ARTICULATUS | ||
| 650 | _aCOCHONILHA VERDE | ||
| 650 | _aCOCCUS VIRIDIS | ||
| 650 | _aPINNASPIS ASPIDISTRAE | ||
| 650 | _aMOSCA DAS FRUTAS | ||
| 650 | _aANASTREPHA FRATERCULUS | ||
| 650 | _aCERATITES CAPITATA | ||
| 650 | _aGYMNANDROSOMA AURANTIANUM | ||
| 650 | _aDOENÇA DE PLANTA | ||
| 650 | _aPROFILAXIA | ||
| 650 | _aGOMOSE | ||
| 650 | _aRUBELOSE | ||
| 650 | _aVERRUGOSE | ||
| 650 | _aMELANOSE | ||
| 650 | _aCANCRO CÍTRICO | ||
| 650 | _aTRISTEZA CÍTRICA | ||
| 650 | _aEXOCORTE | ||
| 650 | _aDECLÍNIO DOS CITRUS | ||
| 650 | _aTRATAMENTO FITOSSANITÁRIO | ||
| 650 | _aCOLHEITA | ||
| 650 | _aRENDIMENTO | ||
| 650 | _aPULVERIZAÇÃO | ||
| 650 | _aAGROTÓXICO | ||
| 909 |
_a202309 _bLucia _c55 _dLucia Elande |
||
| 942 | _cBK | ||
| 999 |
_c69140 _d69140 |
||